Digital Dialogues2: (Record no. 9065)
[ view plain ]
| 000 -LEADER | |
|---|---|
| fixed length control field | 00696nam a22002057a 4500 |
| 003 - CONTROL NUMBER IDENTIFIER | |
| control field | OSt |
| 005 - DATE AND TIME OF LATEST TRANSACTION | |
| control field | 20260319103532.0 |
| 008 - FIXED-LENGTH DATA ELEMENTS--GENERAL INFORMATION | |
| fixed length control field | 260319b |||||||| |||| 00| 0 eng d |
| 020 ## - INTERNATIONAL STANDARD BOOK NUMBER | |
| International Standard Book Number | 1859737692 |
| 020 ## - INTERNATIONAL STANDARD BOOK NUMBER | |
| International Standard Book Number | 9781859737699 |
| 040 ## - CATALOGING SOURCE | |
| Transcribing agency | USTED-K |
| 050 ## - LIBRARY OF CONGRESS CALL NUMBER | |
| Classification number | TS1446 |
| Item number | . T31 2005 |
| 245 ## - TITLE STATEMENT | |
| Title | Digital Dialogues2: |
| Remainder of title | Textiles and technology special issue edited by Janis Jeffries/ |
| Statement of responsibility, etc. | Jeffries, Janis. |
| 250 ## - EDITION STATEMENT | |
| Edition statement | Special issue 1 |
| Remainder of edition statement | Vol 3, spring 2005 |
| 260 ## - PUBLICATION, DISTRIBUTION, ETC. | |
| Place of publication, distribution, etc. | Bedfordshire, UK |
| Name of publisher, distributor, etc. | Berg Publishers |
| Date of publication, distribution, etc. | c 2005 |
| 300 ## - PHYSICAL DESCRIPTION | |
| Extent | {2} 113P.: |
| Other physical details | ill., colored |
| Dimensions | 25 cm |
| 504 ## - BIBLIOGRAPHY, ETC. NOTE | |
| Bibliography, etc. note | Includes bibliographical references and notes for contributors |
| 700 ## - ADDED ENTRY--PERSONAL NAME | |
| Personal name | Janis, Jeffries |
| Dates associated with a name | 2005 |
| Relator term | Editor |
| 942 ## - ADDED ENTRY ELEMENTS (KOHA) | |
| Source of classification or shelving scheme | Library of Congress Classification |
| Koha item type | AAMUSTED Books |
| Withdrawn status | Lost status | Source of classification or shelving scheme | Damaged status | Not for loan | Collection code | Home library | Current library | Shelving location | Date acquired | Accession number | Total Checkouts | Full call number | Barcode | Date last seen | Copy number | Price effective from | Koha item type |
|---|---|---|---|---|---|---|---|---|---|---|---|---|---|---|---|---|---|
| Library of Congress Classification | Non-fiction | AAMUSTED LIBRARY, KUMASI | AAMUSTED LIBRARY, KUMASI | Lending Book Shelf | 03/19/2026 | 0003327 | TS1446 . T31 2005 | 0000012492 | 03/19/2026 | C.2 | AAMUSTED Books |
